| 000 | 00343nam a2200145Ia 4500 | ||
|---|---|---|---|
| 008 | 230917s9999||||xx |||||||||||||| ||und|| | ||
| 040 |
_e199466 _aMAIN |
||
| 041 | _aEnglish | ||
| 082 | _a658.3 S58H | ||
| 100 | _aSanghi,Seema | ||
| 245 | 0 | _aHuman resource management. | |
| 260 |
_aDelhi _bMacmillan _c2011 |
||
| 300 | _a376 p. | ||
| 942 | _cBK | ||
| 999 |
_c158087 _d158087 |
||